[Event "January TNT"]
[Site "Winnipeg CAN"]
[Date "2014.01.14"]
[Round "2.4"]
[White "Reimer, Bruce"]
[Black "Baron, Gustav"]
[Result "0-1"]
[WhiteElo "1602"]
[BlackElo "1911"]
[PlyCount "104"]
[EventDate "2014.01.07"]
[EventType "swiss"]
[EventRounds "4"]
[EventCountry "CAN"]

1. c4 g6 2. g3 Bg7 3. Nc3 Nf6 4. Bg2 O-O 5. d4 c6 6. e4 d6 7. Nge2 Nbd7 8. O-O
e5 9. d5 Qc7 10. h3 a5 11. Be3 Nh5 12. Qd2 f5 13. exf5 gxf5 14. Bh6 Rf7 15.
Bxg7 Rxg7 16. Nd1 Nhf6 17. Ne3 Nc5 18. Qc2 Nce4 19. dxc6 bxc6 20. Nc3 Nxc3 21.
Qxc3 Be6 22. Rad1 Rf8 23. Qd3 Ne8 24. Rfe1 f4 25. Nf1 Qb6 26. b3 fxg3 27. Nxg3
Qxf2+ 28. Kh2 Qc5 29. Rf1 Rxf1 30. Rxf1 d5 31. Qd2 Rg6 32. Bf3 Nf6 33. Nh5 Qd6
34. Nxf6+ Rxf6 35. Rg1+ Kf8 36. Bg2 e4+ 37. Kh1 Qc7 38. Qg5 Qf4 39. Qh5 Bf7 40.
Qd1 Rh6 41. Rf1 Qd6 42. cxd5 cxd5 43. Qd2 Rf6 44. Rxf6 Qxf6 45. Qxa5 Qa1+ 46.
Kh2 Qe5+ 47. Kg1 e3 48. Qd8+ Kg7 49. Qh4 d4 50. Qg4+ Kh8 51. Qc8+ Bg8 52. Qg4
e2 0-1

[Event "January TNT"]
[Site "Winnipeg CAN"]
[Date "2014.01.14"]
[Round "2.4"]
[White "Rutter, Blair"]
[Black "Leaden, Bruce"]
[Result "1-0"]
[WhiteElo "1901"]
[BlackElo "1600"]
[PlyCount "139"]
[EventDate "2014.01.07"]
[EventType "swiss"]
[EventRounds "4"]
[EventCountry "CAN"]

1. c4 b6 2. e4 e5 3. Nc3 Bb7 4. Nge2 Bb4 5. d3 Ne7 6. Be3 O-O 7. Qb3 c5 8. a3
Bxc3+ 9. Nxc3 a6 10. Bxc5 bxc5 11. Qxb7 Nbc6 12. Qb3 Nd4 13. Qd1 Rb8 14. Rb1 f5
15. f3 f4 16. Be2 Nec6 17. O-O h5 18. Rf2 Rf6 19. Nd5 Rg6 20. b4 d6 21. Rb2 Ne7
22. Nc3 h4 23. h3 Qd7 24. Kh1 Kh7 25. Qa4 Qb7 26. Bd1 Ng8 27. b5 axb5 28. cxb5
Nf6 29. Qc4 Nd7 30. a4 Nb6 31. Qa2 Ra8 32. Bb3 Ra5 33. Bd1 Rf6 34. Nd5 Rf8 35.
Nxb6 Qxb6 36. Qd5 Rc8 37. Bb3 Rf8 38. Ra2 Kh8 39. Qc4 Kh7 40. Qc3 Kh8 41. Rfb2
Kh7 42. Bd5 Kh8 43. Qe1 g5 44. Qc3 Kg7 45. Bc6 Rf6 46. Qc4 Rf8 47. Qd5 Rf6 48.
Ba8 Rf7 49. Bc6 Rf6 50. Ra3 Kf8 51. Bd7 Kg7 52. Bc8 Rf7 53. Bg4 Rf6 54. Bh5 Rf8
55. Bg4 Rf6 56. Qc4 Rf8 57. Be6 Rf6 58. Bd5 Rf8 59. Rc3 Rf6 60. Bc6 Nxc6 61.
bxc6 Qxb2 62. Rb3 Qa1+ 63. Kh2 Qe1 64. Rb7+ Kh6 65. d4 Ra8 66. c7 Rf7 67. Qe6+
Kg7 68. Qxf7+ Kxf7 69. c8=Q+ Kg6 70. Qf5+ 1-0

[Event "January TNT"]
[Site "Winnipeg CAN"]
[Date "2014.01.21"]
[Round "2.4"]
[White "Trueman, Francis"]
[Black "Klokow, John"]
[Result "1/2-1/2"]
[WhiteElo "1500"]
[BlackElo "1824"]
[PlyCount "108"]
[EventDate "2014.01.07"]
[EventType "swiss"]
[EventRounds "4"]
[EventCountry "CAN"]

1. Nf3 b6 2. d3 Bb7 3. Nbd2 d5 4. g3 Nf6 5. Bg2 Nbd7 6. O-O e5 7. Nb3 Bd6 8.
Re1 O-O 9. e4 dxe4 10. dxe4 Bxe4 11. Nbd2 Bb7 12. Nc4 Bc5 13. Ncxe5 Nxe5 14.
Nxe5 Bxg2 15. Kxg2 Qxd1 16. Rxd1 Rfe8 17. Nd3 Bd6 18. Bf4 Bxf4 19. Nxf4 h6 20.
h4 Rad8 21. Rxd8 Rxd8 22. Kf3 c5 23. h5 Kf8 24. g4 Rd4 25. Re1 a6 26. Re2 Rd1
27. a4 Rg1 28. Nd3 Rxg4 29. a5 bxa5 30. Nxc5 Rg5 31. Nxa6 Rxh5 32. c4 Rf5+ 33.
Kg3 Nd7 34. Rd2 Ke7 35. Nc7 Nb6 36. b3 h5 37. f4 Rc5 38. Na6 Rc6 39. Re2+ Re6
40. Rxe6+ Kxe6 41. Nc5+ Kd6 42. Nb7+ Kc6 43. Nd8+ Kc5 44. Nb7+ Kb4 45. c5 Nd5
46. f5 Kxb3 47. Nxa5+ Kb4 48. Nb7 Kb5 49. Nd6+ Kxc5 50. Nxf7 Kc6 51. Ng5 Kd6
52. Kf3 Ke7 53. Kg3 Kf6 54. Ne4+ Kxf5 1/2-1/2

[Event "January TNT"]
[Site "Winnipeg CAN"]
[Date "2014.01.21"]
[Round "3.4"]
[White "Baron, Gustav"]
[Black "Wolchock, Theo"]
[Result "0-1"]
[WhiteElo "1911"]
[BlackElo "1727"]
[PlyCount "60"]
[EventDate "2014.01.07"]
[EventType "swiss"]
[EventRounds "4"]
[EventCountry "CAN"]

1. d4 Nf6 2. Nf3 d5 3. c4 c6 4. Qc2 Bg4 5. Ne5 Bh5 6. Bf4 Nbd7 7. e3 Nxe5 8.
Bxe5 e6 9. Nc3 Bd6 10. Bxd6 Qxd6 11. Bd3 O-O 12. h3 dxc4 13. Bxc4 Bg6 14. Qb3
Rab8 15. O-O Ne4 16. Rfd1 e5 17. dxe5 Qxe5 18. Rd7 Nc5 19. Qd1 Bh5 20. g4 Nxd7
21. Qxd7 Rfd8 22. Qf5 Qxf5 23. gxf5 Rd2 24. b3 Bf3 25. Kh2 Rbd8 26. Kg3 Bd5 27.
Bxd5 cxd5 28. Nb5 a6 29. Nd4 Rc8 30. Kf3 Rc3 0-1

[Event "January TNT"]
[Site "Winnipeg CAN"]
[Date "2014.01.21"]
[Round "3.4"]
[White "Clark, Jeff"]
[Black "Kernetsky, Myron"]
[Result "0-1"]
[WhiteElo "1998"]
[BlackElo "2050"]
[PlyCount "80"]
[EventDate "2014.01.07"]
[EventType "swiss"]
[EventRounds "4"]
[EventCountry "CAN"]

1. e4 e6 2. d4 d5 3. Nd2 Nf6 4. e5 Nfd7 5. f4 c5 6. c3 Nc6 7. Ngf3 g6 8. Bb5
Bg7 9. O-O Qb6 10. Bxc6 bxc6 11. Kh1 cxd4 12. cxd4 c5 13. Nb3 cxd4 14. Nbxd4
Ba6 15. Rf2 O-O 16. Be3 Qb7 17. Rc1 Rfc8 18. Rfc2 Bf8 19. Nb3 Nb6 20. Nc5 Bxc5
21. Bxc5 Qd7 22. b3 Qb7 23. Nd4 Nc4 24. Bxa7 Qxa7 25. bxc4 Bxc4 26. Nb3 Qe3 27.
Qd4 Qxd4 28. Nxd4 Re8 29. Ra1 Ra3 30. Ne2 Rea8 31. Nc1 h5 32. Kg1 Kf8 33. Kf2
Ke7 34. Rb2 R8a7 35. Ke1 Kd7 36. Kd2 Kc6 37. Kc2 Kc5 38. Nb3+ Bxb3+ 39. Rxb3
Rxa2+ 40. Rxa2 Rxa2+ 0-1

[Event "January TNT"]
[Site "Winnipeg CAN"]
[Date "2014.01.21"]
[Round "3.4"]
[White "Czypinski, Jaroslaw"]
[Black "Platt, Alex"]
[Result "0-1"]
[WhiteElo "1991"]
[BlackElo "1975"]
[PlyCount "110"]
[EventDate "2014.01.07"]
[EventType "swiss"]
[EventRounds "4"]
[EventCountry "CAN"]

1. b3 e5 2. Bb2 Nc6 3. e3 Nf6 4. Bb5 d6 5. d3 Be7 6. Nf3 Bd7 7. O-O a6 8. Bxc6
Bxc6 9. e4 O-O 10. Nc3 b5 11. Ne2 Nh5 12. Ng3 Nxg3 13. hxg3 f5 14. Qe2 fxe4 15.
dxe4 Qd7 16. Nh2 Rae8 17. Rad1 Qe6 18. f3 Qg6 19. g4 Bh4 20. Bc1 Bg3 21. Be3
Qf6 22. Bf2 Qh4 23. Bxg3 Qxg3 24. Qf2 Qxf2+ 25. Rxf2 b4 26. Nf1 Rb8 27. Ne3 Rb5
28. Nd5 Bxd5 29. Rxd5 Rxd5 30. exd5 Rb8 31. Re2 Kf7 32. Kf2 Rb5 33. Rd2 Ra5 34.
Ke3 Rxa2 35. Kd3 Ra5 36. Kc4 Rb5 37. Rd1 Rc5+ 38. Kxb4 Rxc2 39. g3 Rc5 40. Ka4
Kf6 41. b4 Rc3 42. b5 axb5+ 43. Kxb5 Rxf3 44. Rc1 Rd3 45. Kc6 e4 46. Rf1+ Ke5
47. Rf5+ Kd4 48. Kxc7 e3 49. Kxd6 e2 50. Rf4+ Ke3 51. Rf7 e1=Q 52. Re7+ Kf2 53.
Rxe1 Kxe1 54. Ke6 Kf2 55. g5 Kxg3 0-1

[Event "January TNT"]
[Site "Winnipeg CAN"]
[Date "2014.01.21"]
[Round "3.4"]
[White "Einarsson, Ken"]
[Black "Atem, James"]
[Result "1-0"]
[WhiteElo "1752"]
[BlackElo "1952"]
[PlyCount "123"]
[EventDate "2014.01.07"]
[EventType "swiss"]
[EventRounds "4"]
[EventCountry "CAN"]

1. d4 c6 2. c4 e6 3. Nc3 Bb4 4. Bd2 Nf6 5. e3 a6 6. a3 Bxc3 7. Bxc3 Ne4 8. Qc2
f5 9. Nf3 O-O 10. Bd3 Ng5 11. Nd2 Nf7 12. O-O Qg5 13. e4 f4 14. Nf3 Qh6 15. Bb4
Re8 16. e5 b6 17. Be4 a5 18. Bd2 g5 19. Qc1 Qh5 20. g3 g4 21. Nh4 f3 22. Bf4
Na6 23. Re1 Nc7 24. Qe3 b5 25. c5 Nd5 26. Bxd5 exd5 27. Qd3 Nh8 28. Qf5 Qxf5
29. Nxf5 Nf7 30. Nd6 Nxd6 31. exd6 Ba6 32. b4 Re2 33. Rxe2 fxe2 34. Re1 axb4
35. axb4 Bc8 36. Rxe2 Kg7 37. Re7+ Kg6 38. Kf1 Ra4 39. Bd2 h5 40. Re5 Ra2 41.
Ke2 Bb7 42. Rg5+ Kh6 43. Rxg4+ Rxd2+ 44. Kxd2 hxg4 45. Ke3 Kg5 46. f3 Kf5 47.
fxg4+ Kxg4 48. Kf2 Bc8 49. h3+ Kxh3 50. Kf3 Bb7 51. g4 Kh4 52. Kf4 Bc8 53. g5
Kh5 54. Kf5 Kh4 55. g6 Kg3 56. g7 Kf3 57. g8=Q Ke3 58. Qxc8 Kxd4 59. Qxd7 Kc4
60. Qxc6 Kxb4 61. d7 d4 62. d8=Q 1-0

[Event "January TNT"]
[Site "Winnipeg CAN"]
[Date "2014.01.21"]
[Round "3.4"]
[White "Klokow, John"]
[Black "Faraj, Raphael"]
[Result "1-0"]
[WhiteElo "1824"]
[BlackElo "1578"]
[PlyCount "169"]
[EventDate "2014.01.07"]
[EventType "swiss"]
[EventRounds "4"]
[EventCountry "CAN"]

1. e4 e5 2. Nf3 Nc6 3. Bb5 Nd4 4. Nxd4 exd4 5. O-O Bc5 6. d3 Ne7 7. Bg5 b6 8.
Nd2 O-O 9. Nf3 c6 10. Ba4 Qc7 11. Bxe7 Bxe7 12. Nxd4 Bf6 13. c3 Ba6 14. Nf5
Rad8 15. Bb3 Be5 16. Ng3 d5 17. exd5 cxd5 18. Re1 Bb7 19. d4 Bf4 20. Bc2 Bc8
21. Qh5 g6 22. Qh4 Bxg3 23. Qxg3 Rd6 24. Re3 Qd8 25. Rae1 Rf6 26. Re7 a5 27.
Qc7 Re6 28. R1xe6 Bxe6 29. Qxd8 Rxd8 30. Rb7 Rd6 31. Rb8+ Kg7 32. f3 h5 33. h4
Kf6 34. Kf2 Bd7 35. a4 g5 36. hxg5+ Kxg5 37. Rg8+ Kf6 38. Rh8 Kg5 39. g3 f5 40.
f4+ Kg6 41. Bd1 Re6 42. Rxh5 Re7 43. Rg5+ Kf6 44. b3 Rh7 45. Kg2 Re7 46. Kf2
Rh7 47. Rh5 Rxh5 48. Bxh5 b5 49. axb5 Bxb5 50. Be2 Bc6 51. c4 dxc4 52. Bxc4 Ke7
53. Ke3 Kd6 54. Kd3 Be4+ 55. Ke3 Bc6 56. Kf2 a4 57. bxa4 Bxa4 58. Kg2 Bd7 59.
Kh3 Ke7 60. Kh4 Kf6 61. Kh5 Be8+ 62. Kh6 Bd7 63. Bg8 Be8 64. Bc4 Bd7 65. Bg8
Be8 66. d5 Bd7 67. Be6 Be8 68. Bg8 Bd7 69. Be6 Be8 70. Bc8 Ke7 71. Bxf5 Bf7 72.
Be6 Be8 73. Kg7 Bh5 74. f5 Kd6 75. f6 Bf3 76. f7 Bxd5 77. Bxd5 Kxd5 78. f8=Q
Ke4 79. Qf4+ Kd5 80. Kf6 Kc6 81. Ke6 Kb5 82. Qd4 Ka6 83. Kd6 Ka5 84. Kc6 Ka6
85. Qb6# 1-0

[Event "January TNT"]
[Site "Winnipeg CAN"]
[Date "2014.01.21"]
[Round "3.4"]
[White "Leaden, Bruce"]
[Black "Max Korenbaum"]
[Result "0-1"]
[WhiteElo "1600"]
[BlackElo "1285"]
[PlyCount "46"]
[EventDate "2014.01.07"]
[EventType "swiss"]
[EventRounds "4"]
[EventCountry "CAN"]

1. e4 e5 2. Nf3 Nc6 3. d4 exd4 4. Bc4 Nf6 5. e5 Ne4 6. O-O Bc5 7. Re1 d5 8.
exd6 Bf5 9. Ng5 O-O 10. Nxe4 Bxe4 11. Rxe4 Qxd6 12. Bf4 Qg6 13. Bd3 f5 14. Re2
Qg4 15. Bxc7 f4 16. Qe1 f3 17. g3 Qh3 18. Qf1 Qxf1+ 19. Kxf1 fxe2+ 20. Bxe2 d3
21. cxd3 Bxf2 22. Bf4 Bd4 23. Kg2 Bxb2 0-1

[Event "January TNT"]
[Site "Winnipeg CAN"]
[Date "2014.01.21"]
[Round "3.4"]
[White "Trueman, Francis"]
[Black "Reimer, Bruce"]
[Result "0-1"]
[WhiteElo "1500"]
[BlackElo "1602"]
[PlyCount "95"]
[EventDate "2014.01.07"]
[EventType "swiss"]
[EventRounds "4"]
[EventCountry "CAN"]

1. Nf3 g6 2. d3 Bg7 3. Nbd2 d6 4. g3 a6 5. Bg2 c6 6. O-O b5 7. c3 Bb7 8. Re1
Nd7 9. e4 Qb6 10. Qe2 e5 11. b3 Ne7 12. Nf1 h6 13. a4 O-O 14. a5 Qc7 15. h4 f5
16. N1h2 Kh7 17. Kh1 f4 18. g4 Bc8 19. Bb2 Nc5 20. Qd1 Be6 21. Nd2 Nxd3 22. Re2
Qd7 23. Ndf3 Nc5 24. Ra3 Rad8 25. Rd2 Nxe4 26. Nxe5 Bxe5 27. Bxe4 d5 28. Bf3
Ng8 29. Qg1 Qe7 30. Re2 Qd6 31. Ra1 Rde8 32. Rae1 Bd7 33. g5 h5 34. Qg2 Re6 35.
Qh3 Ree8 36. Qg2 b4 37. Rc1 Bxc3 38. Bxc3 bxc3 39. Rxc3 Qb4 40. Rec2 Re1+ 41.
Nf1 Rfe8 42. Kh2 Qb5 43. Nd2 Qxa5 44. Rc5 Qb6 45. R2c3 Ne7 46. Rc2 Nf5 47. Bxh5
Nxh4 48. R2c3 0-1

[Event "January TNT"]
[Site "Winnipeg CAN"]
[Date "2014.01.21"]
[Round "3.4"]
[White "Wasserman, Leor"]
[Black "Rutter, Blair"]
[Result "1-0"]
[WhiteElo "2021"]
[BlackElo "1901"]
[PlyCount "75"]
[EventDate "2014.01.07"]
[EventType "swiss"]
[EventRounds "4"]
[EventCountry "CAN"]

1. e4 e5 2. Nf3 d6 3. Bc4 Nd7 4. O-O Be7 5. d4 Ngf6 6. Nc3 O-O 7. Bg5 a6 8. a4
exd4 9. Nxd4 Ne5 10. Be2 c6 11. Qd2 Qc7 12. Kh1 Rd8 13. Rae1 Nfg4 14. Bxe7 Qxe7
15. f4 Qh4 16. Bxg4 Nxg4 17. h3 Nf6 18. f5 Qg3 19. Nf3 Bxf5 20. exf5 d5 21. Re5
Ne4 22. Qe2 Nd6 23. Re1 h6 24. b3 Qf4 25. Qe3 Qb4 26. f6 d4 27. Nxd4 Re8 28.
Qg3 g6 29. Rxe8+ Nxe8 30. Nf5 Nxf6 31. Ne7+ Kh7 32. Qe5 Nh5 33. g4 Ng7 34. Rf1
Rf8 35. Ne4 a5 36. Nf6+ Kh8 37. Nd7 Rd8 38. Rxf7 1-0

[Event "Junior Grand Prix II"]
[Site "Toronto CAN"]
[Date "2014.01.04"]
[Round "1"]
[White "Atanasov, David"]
[Black "Paraparan, Varshini"]
[Result "0-1"]
[WhiteElo "987"]
[BlackElo "1573"]
[PlyCount "48"]
[EventDate "2014.01.04"]
[EventType "swiss"]
[EventRounds "5"]
[EventCountry "CAN"]

1. d4 Nf6 2. Bg5 g6 3. Nf3 Bg7 4. e3 O-O 5. Bd3 d6 6. O-O Nc6 7. Re1 e5 8. dxe5
dxe5 9. Nc3 Qd7 10. Bb5 Re8 11. Qxd7 Bxd7 12. Nd2 a6 13. Bd3 Nb4 14. a3 Nxd3
15. cxd3 Bc6 16. b4 h6 17. Bxf6 Bxf6 18. e4 Rad8 19. Re3 Bg5 20. Re2 Rxd3 21.
Ndb1 Red8 22. g3 f5 23. exf5 Rd1+ 24. Nxd1 Rxd1+ 0-1

[Event "Junior Grand Prix II"]
[Site "Toronto CAN"]
[Date "2014.01.04"]
[Round "2"]
[White "Lei, Sean"]
[Black "Maulucci, Anthony"]
[Result "1-0"]
[WhiteElo "1792"]
[BlackElo "1479"]
[PlyCount "101"]
[EventDate "2014.01.04"]
[EventType "swiss"]
[EventRounds "5"]
[EventCountry "CAN"]

1. e4 c6 2. d4 d5 3. Nc3 dxe4 4. Nxe4 Bf5 5. Ng3 Bg6 6. Nf3 Nd7 7. h4 h6 8. h5
Bh7 9. Bd3 Bxd3 10. Qxd3 Ngf6 11. Bd2 e6 12. c4 Be7 13. Bc3 Qc7 14. O-O-O O-O-O
15. Kb1 Kb8 16. Ne4 Nxe4 17. Qxe4 Nf6 18. Qe2 Rhf8 19. Ne5 Ka8 20. f4 Nd7 21.
Rhf1 Nxe5 22. fxe5 a5 23. Qe1 b6 24. c5 Rb8 25. cxb6 Qxb6 26. Qd2 Bb4 27. Ka1
c5 28. d5 Bxc3 29. Qxc3 exd5 30. Rxd5 Rbc8 31. Qc4 Qe6 32. Qe4 Qc6 33. Qc4 Qe6
34. Qd3 Rc7 35. Rd8+ Rxd8 36. Qxd8+ Kb7 37. Qd3 Qa6 38. Qb3+ Qb6 39. Rxf7 Qxb3
40. Rxc7+ Kxc7 41. axb3 Kd7 42. Ka2 Ke6 43. Ka3 Kxe5 44. Ka4 Kd4 45. Kxa5 Kd3
46. Kb5 Kc2 47. Kxc5 Kxb2 48. Kd5 Kxb3 49. Ke6 Kc2 50. Kf7 g5 51. hxg6 1-0

[Event "Junior Grand Prix II"]
[Site "Toronto CAN"]
[Date "2014.01.04"]
[Round "2"]
[White "Paraparan, Varshini"]
[Black "Barsamyan, Davit"]
[Result "1-0"]
[WhiteElo "1573"]
[BlackElo "1081"]
[PlyCount "93"]
[EventDate "2014.01.04"]
[EventType "swiss"]
[EventRounds "5"]
[EventCountry "CAN"]

1. e4 d5 2. exd5 Nf6 3. Bb5+ c6 4. dxc6 Nxc6 5. Nc3 a6 6. Bxc6+ bxc6 7. d4 Bf5
8. Nf3 e6 9. O-O Be7 10. Re1 O-O 11. Nh4 Nd5 12. Nxf5 exf5 13. Nxd5 cxd5 14.
Qf3 Qd7 15. Re5 Rad8 16. Qxf5 Qxf5 17. Rxf5 Rfe8 18. Be3 Rc8 19. c3 Red8 20.
Re1 g6 21. Rf3 Rb8 22. b3 Rbc8 23. Bh6 Rc7 24. Rfe3 Rdd7 25. Bf4 Bd6 26. Bxd6
Rxd6 27. h3 Rcc6 28. Ra1 Re6 29. Rxe6 Rxe6 30. Kf1 f5 31. c4 dxc4 32. bxc4 Re4
33. Rd1 Kf7 34. c5 Ke7 35. Re1 Rxe1+ 36. Kxe1 Ke6 37. c6 Kd6 38. d5 Kc7 39. Kd2
Kd6 40. Kc3 Kc7 41. Kb4 Kd6 42. Ka5 Kc7 43. Kxa6 h5 44. f4 h4 45. a4 Kb8 46. d6
Kc8 47. d7+ 1-0

[Event "Junior Grand Prix II"]
[Site "Toronto CAN"]
[Date "2014.01.04"]
[Round "2"]
[White "Yong, Nathaniel"]
[Black "Landa, Tamir"]
[Result "0-1"]
[WhiteElo "1065"]
[BlackElo "1278"]
[PlyCount "94"]
[EventDate "2014.01.04"]
[EventType "swiss"]
[EventRounds "5"]
[EventCountry "CAN"]

1. e4 c5 2. Nf3 Nc6 3. d4 cxd4 4. Nxd4 g6 5. Bc4 Bg7 6. Nxc6 bxc6 7. O-O d6 8.
Nc3 Nf6 9. Be3 O-O 10. Kh1 Ng4 11. Bf4 Qb6 12. Qd2 Qxb2 13. Ne2 Qb6 14. Nc3
Bxc3 15. Qxc3 Nxf2+ 16. Rxf2 Qxf2 17. Bh6 Qf6 18. Qxf6 exf6 19. Bxf8 Kxf8 20.
Rd1 Ke7 21. Kg1 Be6 22. Bb3 a5 23. a4 Rb8 24. Rd3 Bxb3 25. cxb3 Ke6 26. Kf2 Rb4
27. Re3 Ke5 28. Kf3 h5 29. g3 g5 30. h3 Rd4 31. g4 h4 32. Re1 Rd3+ 33. Re3
Rxe3+ 34. Kxe3 d5 35. exd5 Kxd5 36. Kd3 f5 37. gxf5 g4 38. hxg4 h3 39. g5 h2
40. g6 fxg6 41. fxg6 h1=Q 42. Kc3 Qf3+ 43. Kd2 Qg2+ 44. Kd3 Qxg6+ 45. Kd2 Kd4
46. Kd1 Qg2 47. b4 Kd3 0-1

[Event "Junior Grand Prix II"]
[Site "Toronto CAN"]
[Date "2014.01.04"]
[Round "3"]
[White "Huang, Matt"]
[Black "Henry, Nadia"]
[Result "0-1"]
[WhiteElo "1127"]
[BlackElo "1013"]
[PlyCount "110"]
[EventDate "2014.01.04"]
[EventType "swiss"]
[EventRounds "5"]
[EventCountry "CAN"]

1. e4 e5 2. Nf3 Nc6 3. Bc4 Bc5 4. Nc3 Nf6 5. d3 h6 6. Bd2 O-O 7. O-O d6 8. h3
Be6 9. Bxe6 fxe6 10. Qe2 Re8 11. Be3 Bb6 12. Rad1 d5 13. Bxb6 axb6 14. Rfe1 d4
15. Nb5 Rxa2 16. c3 dxc3 17. Nxc3 Ra8 18. Ra1 Qd7 19. Rxa8 Rxa8 20. Qd2 Ra5 21.
Ne2 Qd6 22. Rc1 Nb4 23. d4 Nc6 24. dxe5 Qxd2 25. Nxd2 Rxe5 26. f3 Rb5 27. Nc4
Rb4 28. Rc2 b5 29. Ne3 e5 30. Nf5 Kh7 31. Rd2 g6 32. Ne3 Nd4 33. Nxd4 exd4 34.
Nd5 Nxd5 35. exd5 Kg7 36. Kf2 Kf6 37. b3 Ke5 38. Rb2 Kxd5 39. g4 c5 40. h4 c4
41. Rb1 Rxb3 42. Rc1 c3 43. Ke2 Kc4 44. f4 d3+ 45. Kd1 c2+ 46. Kd2 Rb1 47. Rxb1
cxb1=Q 48. f5 g5 49. hxg5 hxg5 50. f6 Qb2+ 51. Ke3 Qxf6 52. Kd2 Qf2+ 53. Kd1
Qe2+ 54. Kc1 d2+ 55. Kc2 d1=Q# 0-1

[Event "Junior Grand Prix II"]
[Site "Toronto CAN"]
[Date "2014.01.04"]
[Round "4"]
[White "Ettibaryan, Levon"]
[Black "Radin, Claire"]
[Result "0-1"]
[WhiteElo "965"]
[BlackElo "836"]
[PlyCount "124"]
[EventDate "2014.01.04"]
[EventType "swiss"]
[EventRounds "5"]
[EventCountry "CAN"]

1. d4 Nf6 2. c4 e5 3. dxe5 Ng4 4. Nf3 Nc6 5. Bf4 Bb4+ 6. Nc3 Bxc3+ 7. bxc3 Qe7
8. Qd5 O-O 9. h3 Nh6 10. e3 Qe6 11. Rd1 Qxd5 12. Rxd5 Nf5 13. Bg5 Nfe7 14. Bxe7
Nxe7 15. Rd4 b6 16. Be2 Nc6 17. Rd5 f6 18. O-O fxe5 19. Nxe5 Nxe5 20. Rxe5 Bb7
21. Re7 Rf7 22. Re5 d6 23. Rg5 Raf8 24. Bd3 Bc8 25. c5 dxc5 26. Bc4 h6 27.
Bxf7+ Kxf7 28. Rd5 Be6 29. Rd2 b5 30. Rfd1 Ke7 31. Rb1 a6 32. f4 g5 33. Rf2 c6
34. fxg5 Rxf2 35. Kxf2 hxg5 36. Kg3 Kf6 37. Ra1 Kf5 38. Kf3 Bd5+ 39. Kf2 b4 40.
cxb4 cxb4 41. Rb1 c5 42. Ra1 a5 43. a3 b3 44. Rb1 c4 45. g4+ Ke4 46. Ke2 c3 47.
Rxb3 Bxb3 48. h4 gxh4 49. g5 Kf5 50. Kd3 c2 51. Kd2 h3 52. e4+ Kxg5 53. e5 Kf5
54. e6 Kxe6 55. Kc1 h2 56. Kd2 h1=Q 57. Ke2 Qd5 58. a4 Qd4 59. Kf3 c1=Q 60. Kg3
Qce3+ 61. Kg2 Qdd2+ 62. Kf1 Qee1# 0-1

[Event "Junior Grand Prix II"]
[Site "Toronto CAN"]
[Date "2014.01.04"]
[Round "4"]
[White "Paraparan, Varshini"]
[Black "Landa, Tamir"]
[Result "1/2-1/2"]
[WhiteElo "1573"]
[BlackElo "1278"]
[PlyCount "121"]
[EventDate "2014.01.04"]
[EventType "swiss"]
[EventRounds "5"]
[EventCountry "CAN"]

1. e4 c5 2. c3 Nc6 3. d4 cxd4 4. cxd4 d5 5. e5 e6 6. Nf3 Qb6 7. Nc3 Bb4 8. a3
Bxc3+ 9. bxc3 Nge7 10. Bd3 O-O 11. O-O Rb8 12. Bf4 Bd7 13. Qd2 Na5 14. Rab1 Qc7
15. Bh6 Nc4 16. Bxc4 dxc4 17. Bf4 Bc6 18. Ne1 Ng6 19. Bg3 Qe7 20. Ra1 Nh4 21.
f3 Nf5 22. Bf2 Rfd8 23. Qf4 Qc7 24. Nc2 a5 25. Ne3 Nxe3 26. Bxe3 b5 27. Rfb1
Qe7 28. Qg5 Qxg5 29. Bxg5 Rd7 30. Bd2 Rdb7 31. Rb2 Bd7 32. Rd1 Rc7 33. Bf4 Bc6
34. Kf2 Rcb7 35. Rdb1 Kf8 36. g4 h6 37. h4 Rb6 38. Be3 Bd5 39. Bd2 Ke7 40. a4
Bc6 41. Be3 R6b7 42. d5 Bxd5 43. Bc5+ Ke8 44. Bd6 Rc8 45. Rxb5 Ra7 46. Rb8 Ra8
47. Rxc8+ Rxc8 48. Rb5 Ra8 49. Rc5 g6 50. Bc7 Rc8 51. Bb6 Rxc5 52. Bxc5 Bc6 53.
Bb6 Bxa4 54. Bxa5 Kd7 55. Ke3 Bc2 56. f4 Kc6 57. Kd4 Kb5 58. Bc7 Bd1 59. g5 h5
60. Bd8 Be2 61. Bf6 1/2-1/2

[Event "Junior Grand Prix II"]
[Site "Toronto CAN"]
[Date "2014.01.04"]
[Round "5"]
[White "Zhao, Jonathan"]
[Black "Atanasov, Dimitar"]
[Result "1/2-1/2"]
[WhiteElo "1392"]
[BlackElo "968"]
[PlyCount "53"]
[EventDate "2014.01.04"]
[EventType "swiss"]
[EventRounds "5"]
[EventCountry "CAN"]

1. d4 d5 2. Nf3 Nc6 3. e3 Nf6 4. Bd3 Bg4 5. Nbd2 e6 6. c3 Be7 7. h3 Bh5 8. O-O
O-O 9. e4 dxe4 10. Nxe4 Nxe4 11. Bxe4 Bg6 12. Bxg6 hxg6 13. Bf4 Bd6 14. Bxd6
Qxd6 15. Qe2 Rfe8 16. Rfe1 Re7 17. Rad1 Rae8 18. Ne5 Nxe5 19. dxe5 Qc6 20. Rd2
Rd7 21. Rxd7 Qxd7 22. Rd1 Qe7 23. Qd2 Rc8 24. a3 Kf8 25. Kf1 Ke8 26. Ke2 Rd8
27. Qxd8+ 1/2-1/2

[Event "Junior Grand Prix III"]
[Site "Toronto CAN"]
[Date "2014.03.08"]
[Round "3"]
[White "D'Souza, Justin"]
[Black "Thanabalachandran, Kajan"]
[Result "1-0"]
[WhiteElo "1863"]
[BlackElo "1584"]
[PlyCount "41"]
[EventDate "2014.03.07"]
[EventType "swiss"]
[EventRounds "5"]
[EventCountry "CAN"]

1. c4 Nf6 2. Nc3 e6 3. e4 d5 4. e5 Nfd7 5. cxd5 Nxe5 6. d4 Ng6 7. Bb5+ c6 8.
dxc6 Nxc6 9. Nf3 Bd7 10. O-O Bd6 11. d5 exd5 12. Qxd5 Bc7 13. Bg5 f6 14. Rfe1+
Nge7 15. Bxf6 gxf6 16. Qh5+ Kf8 17. Qh6+ Ke8 18. Nd5 Rf8 19. Nxf6+ Rxf6 20.
Qxf6 Rb8 21. Bxc6 1-0

[Event "Junior Grand Prix III"]
[Site "Toronto CAN"]
[Date "2014.03.08"]
[Round "3"]
[White "Yong, Nathaniel"]
[Black "Barsamyan, Davit"]
[Result "1-0"]
[WhiteElo "1068"]
[BlackElo "1114"]
[PlyCount "91"]
[EventDate "2014.03.07"]
[EventType "swiss"]
[EventRounds "5"]
[EventCountry "CAN"]

1. e4 d5 2. exd5 Nf6 3. Nc3 Nxd5 4. Bc4 Nxc3 5. Qf3 e6 6. dxc3 Bc5 7. Ne2 O-O
8. O-O Nc6 9. Bf4 e5 10. Bg3 Be6 11. Bxe6 fxe6 12. Qe4 Rf5 13. Kh1 Qe7 14. Rad1
Rd8 15. f3 Rxd1 16. Rxd1 Qg5 17. f4 Qf6 18. h3 exf4 19. Nxf4 Re5 20. Qf3 Re3
21. Qg4 Ne5 22. Qxe6+ Qxe6 23. Nxe6 Rxg3 24. Nxc5 h6 25. Nd3 Nc4 26. Re1 Ne3
27. Re2 Kf7 28. Kh2 Nf1+ 29. Kg1 Ne3 30. Kf2 Nf5 31. Re5 Rg5 32. g4 Nd6 33.
Rxg5 Ne4+ 34. Ke3 Nxg5 35. h4 Ne6 36. Nf4 Nxf4 37. Kxf4 g6 38. b4 b6 39. Ke5 a5
40. a4 axb4 41. cxb4 g5 42. hxg5 hxg5 43. a5 c5 44. a6 cxb4 45. a7 b5 46. a8=Q
1-0

[Event "Junior Grand Prix IV"]
[Site "Toronto CAN"]
[Date "2014.03.16"]
[Round "2"]
[White "Hanratty, Brian"]
[Black "Thanabalachandran, Kajan"]
[Result "1-0"]
[WhiteElo "1356"]
[BlackElo "1820"]
[PlyCount "137"]
[EventDate "2014.03.16"]
[EventType "swiss"]
[EventRounds "5"]
[EventCountry "CAN"]

1. e4 c5 2. Nf3 e6 3. d3 d5 4. Nbd2 Nc6 5. g3 Bd6 6. Bg2 Nge7 7. c3 O-O 8. O-O
b6 9. Re1 Qc7 10. Qc2 Rd8 11. b3 Bb7 12. Ba3 Rac8 13. Rac1 Ng6 14. Bb2 Nge5 15.
Nxe5 Nxe5 16. f4 Nc6 17. e5 Be7 18. d4 Qb8 19. Qd3 cxd4 20. cxd4 Nb4 21. Qb1
Ba6 22. Bf1 Bxf1 23. Rxf1 Rxc1 24. Rxc1 Rc8 25. Rxc8+ Qxc8 26. a3 Qc2 27. Qxc2
Nxc2 28. Nb1 Ne3 29. Bc1 Nc2 30. Bb2 Ne3 31. Bc1 Nf5 32. Bb2 Bd8 33. b4 b5 34.
Nd2 Ne3 35. Nb3 Bb6 36. Nc5 Nc4 37. Bc1 a5 38. Kf2 axb4 39. axb4 Bxc5 40. dxc5
Kf8 41. Kf3 f6 42. exf6 gxf6 43. g4 e5 44. fxe5 fxe5 45. h4 Kf7 46. g5 Kg6 47.
Kg4 d4 48. h5+ Kf7 49. c6 Nd6 50. c7 Ke6 51. g6 hxg6 52. hxg6 Kf6 53. Kh5 Kg7
54. Bh6+ Kg8 55. Kg4 Kh8 56. Bf8 Nc8 57. Kf5 Kg8 58. Bh6 d3 59. Kxe5 d2 60.
Bxd2 Kg7 61. Kf5 Ne7+ 62. Ke6 Nc8 63. Kd7 Nb6+ 64. Kc6 Nc8 65. Kxb5 Kxg6 66.
Kc6 Kf7 67. Kd7 Nb6+ 68. Kd8 Ke6 69. Be3 1-0

[Event "Junior Grand Prix IV"]
[Site "Toronto CAN"]
[Date "2014.03.16"]
[Round "2"]
[White "Henry, Nadia"]
[Black "Minzak, Michael"]
[Result "0-1"]
[WhiteElo "1041"]
[BlackElo "1110"]
[PlyCount "44"]
[EventDate "2014.03.16"]
[EventType "swiss"]
[EventRounds "5"]
[EventCountry "CAN"]

1. e4 e5 2. Nf3 Nc6 3. Bb5 a6 4. Ba4 Nf6 5. d3 Bc5 6. O-O b5 7. Bb3 d6 8. c3
Bg4 9. h3 Bh5 10. Bg5 h6 11. Bh4 g5 12. Bg3 g4 13. hxg4 Bxg4 14. Nbd2 Ne7 15.
Re1 Ng6 16. Nf1 h5 17. Ne3 h4 18. Bh2 h3 19. gxh3 Rxh3 20. Bg3 Nh4 21. Bxh4
Bxf3 22. Bxf6 Rh1# 0-1